000 00359nam a2200145Ia 4500
003 OSt
005 20240108124421.0
008 170523s9999 xx 000 0 und d
020 _a9788126528127
040 _cIIMT UNIVERSITY
100 _aHennig- Teresa
245 0 _aMicrosoft Access 2010 Programmer's Reference
260 _aWiley India
942 _2ddc
_c02
999 _c12314
_d12314